Responses for show #8255 - Friday, October 9, 2020

Kevin Walsh game 2.

Contestants

[<< previous game]

Sabreena Merchant, a sports writer from Los Angeles, California

Brian Semel, an associate producer originally from Armonk, New York

Kevin Walsh, a story analyst originally from Williamstown, New Jersey (whose 1-day cash winnings total $15,300)

[next game >>]

Jeopardy! Round responses

WHERE AM I?
(Alex: We'll track Sarah and Jimmy.)
NUMBERS OF THINGS
SNAP, CRACKLE OR POP
THE WORK'S ORIGINAL LANGUAGE
TELEVISION
"BEE" GOOD
    $200 18
Plymouth Rock

Sabreena
    $200 11
the voting age

Kevin
    $200 29
a snap

Kevin
    $200 30
Russian

Kevin
    $200 4
Jennifer Aniston

Sabreena
    $200 1
a Frisbee

Kevin
    $400 19
Los Alamos

Kevin
    $400 12
tragedy & comedy

Kevin
    $400 28
(Kevin: What is a [*] drink? [*]?)

pop

Kevin
    $400 24
French

Kevin
    $400 5
Dallas

Kevin
    $400 2
a beech tree

Triple Stumper
    $600 20
[ERRATUM: The first Grand Prix in [*] took place in September 1975.]

Long Beach

Kevin
    $600 13
the Seven Ancient Wonders of the World

Sabreena
    $600 16
snap

Brian
    $600 25
Latin

Kevin
    $600 6
The Good Doctor

Brian
    $600 3
(Brian: Who is Beezlebub?)
[Brian's response was accepted as correct and the decision was reversed after the break.]

Beelzebub

Brian
Triple Stumper
    $800 21
Texas

Sabreena
    $800 14
64

Sabreena
    $800 17
crackles

Sabreena
    $1,800 26
German

Kevin
    $800 7
Dawson's Creek

Kevin
    $800 9
beefalo

Kevin
    $1000 22
RISD (the Rhode Island School of Design)

Brian
    $1000 15
Cerberus

Kevin
    $1000 23
pop art

Kevin
    $1000 27
Swedish

Kevin
    $1000 8
Al Pacino

Brian
    $1000 10
Seabees

Kevin

Scores at the first commercial break (after clue 15):

Kevin Brian Sabreena
$4,800 $1,000 $1,600

Scores at the end of the Jeopardy! Round:

Kevin Brian Sabreena
$11,400 $2,600 $3,400

Double Jeopardy! Round responses

MODERN WORLD BEFORE & AFTER
OXFORD ALUMNI
CHURCHES & CATHEDRALS
THE DOCTOR WILL "C" YOU NOW
BILLBOARD TOP 40
HITTITES
    $400 1
Wakanda Forever 21

Sabreena
    $400 6
Clinton

Kevin
    $400 21
Boston

Triple Stumper
    $400 15
cholesterol

Sabreena
    $400 16
"Like A Virgin"

Kevin
    $400 24
Turkey

Brian
    $800 2
Suicide Squad goals

Kevin
    $800 7
Theresa May

Brian
    $800 22
Gothic

Brian
    $800 11
capillaries

Sabreena
    $800 17
OutKast

Sabreena
    $800 27
chariots

Kevin
    $1200 3
He-Mansplaining

Kevin
    $3,000 8
(Brian: Uh... I don't know.)
...
(Alex: You should have known that.)
(Brian: I should have known that.)

Lawrence of Arabia

Brian
    $1200 23
the Shroud of Turin

Kevin
    $1200 12
calluses

Sabreena
    $1200 20
(Sabreena: Who is Post Malone?)

DaBaby

Sabreena
Triple Stumper
    $1200 28
Atlas

Sabreena
    $1600 4
Keeping it One Hundred Years' War

Sabreena
    $1600 9
the Winklevoss twins

Kevin
    $1600 25
(Alex: Less than a minute now, Brian.)

Taos

Triple Stumper
    $4,000 13
(Sabreena: What is...)
(Alex: Say something.)

the caduceus

Sabreena
    $1600 19
"Dancing Queen"

Brian
    $1600 29
the Plague

Triple Stumper
    $2000 5
Clap Backstreet Boys

Brian
    $2000 10
Rowan Atkinson

Kevin
    $2000 26
the Mount of Olives

Triple Stumper
    $2000 14
cartilage

Kevin
    $2000 18
"Eat It"

Kevin
    $2000 30
cuneiform

Sabreena

Scores at the end of the Double Jeopardy! Round:

Kevin Brian Sabreena
$23,800 $5,200 $6,600
(lock game)

[wagering suggestions for these scores]

Final Jeopardy! Round responses

BOOKS OF THE 1950s
(Alex: What does asbestos do? It protects us from fire.)
BrianWhat is Invisible Man?
$5,200
SabreenaWhat is Brave New World?
$1,399
KevinWhat is Fahrenheit 451?
$3,800
Fahrenheit 451

Final scores:

Kevin Brian Sabreena
$27,600 $0 $5,201
2-day champion: $42,900 3rd place: $1,000 2nd place: $2,000

Game dynamics:

Coryat scores:

Kevin Brian Sabreena
$22,800 $8,200 $10,600
28 R
(including 1 DD),
0 W
9 R,
2 W
(including 1 DD)
14 R,
2 W
(including 1 DD)

Combined Coryat: $41,600

The J! Archive is created by fans, for fans. The Jeopardy! game show and all elements thereof, including but not limited to copyright and trademark thereto, are the property of Jeopardy Productions, Inc. and are protected under law. This website is not affiliated with, sponsored by, or operated by Jeopardy Productions, Inc. Join the discussion at JBoard.tv.